Normal view
MARC view
Entry Uniform Title
001 - CONTROL NUMBER
- control field: 47560
003 - CONTROL NUMBER IDENTIFIER
- control field: dpl
005 - DATE AND TIME OF LATEST TRANSACTION
- control field: 20120521121607.0
008 - FIXED-LENGTH DATA ELEMENTS
- fixed length control field: 120521|||a|||||| | ||| d
040 ## - CATALOGING SOURCE
- Original cataloging agency: dpl
- Transcribing agency: dpl
130 ## - HEADING--UNIFORM TITLE
- Uniform title: बाल शिक्षण की आदर्श विधियां
670 ## - SOURCE DATA FOUND
- Source citation: Work cat.: (dpl): सेल्वम, नोरा कुट्टी 47559, आओ बच्चो तुम्हें सिखाएं/, 2010
670 ## - SOURCE DATA FOUND
- Source citation: Work cat.: (dpl): सेल्वम, नोरा कुट्टी 47559, आओ बच्चो तुम्हें सिखाएं/, 2010
